000 00476nam a22001457a 4500
008 161013b xxu||||| |||| 00| 0 eng d
082 _22005
_aDFil 371.12076
_bD54
100 _916071
_aVillena- Diaz, Rosemarievic
245 _aThe LET connection:
_btowards a successful review (Math)/
_cRosemarievic Villena-Diaz
260 _as.l :
_bs.n.,
_cn.d.
300 _a39 pages;
_c 22 cm.
650 0 _916072
_aEducation -- Examinations.
365 _b495.00
_cPhp.
942 _2ddc
_cDFIL
999 _c5170
_d5170